Faculty of Law Library — Cairo University

Official Online Catalog

القانون الإدارى : (Record no. 42327)

MARC details
000 -LEADER
fixed length control field 01719nam a2200325 i 4500
003 - CONTROL NUMBER IDENTIFIER
control field EG-GICUC
005 - DATE AND TIME OF LATEST TRANSACTION
control field 20260121101206.0
008 - FIXED-LENGTH DATA ELEMENTS--GENERAL INFORMATION
fixed length control field 251110s2005 ua ||||fr|||| 00| 0 ara d
017 ## - COPYRIGHT OR LEGAL DEPOSIT NUMBER
Copyright or legal deposit number ٢٠٠٤/١٦٨١٦
020 ## - INTERNATIONAL STANDARD BOOK NUMBER
International Standard Book Number 9770313491
040 ## - CATALOGING SOURCE
Original cataloging agency EG-GICUC
Language of cataloging ara
Transcribing agency EG-GICUC
Modifying agency EG-GICUC
Description conventions rda
041 0# - LANGUAGE CODE
Language code of text/sound track or separate title ara
082 04 - DEWEY DECIMAL CLASSIFICATION NUMBER
Edition number 21
Classification number 345
Item number ع ب . ق
092 04 - LOCALLY ASSIGNED DEWEY CALL NUMBER (OCLC)
Edition number 21
099 ## - LOCAL FREE-TEXT CALL NUMBER (OCLC)
Classification number Law1 07 345 ع ب . ق 2005
100 0# - MAIN ENTRY--PERSONAL NAME
Personal name عبد الغني بسيوني عبد الله
Relator term مؤلف.
245 12 - TITLE STATEMENT
Title القانون الإدارى :
Remainder of title دراسة تطبيقية لأسس ومبادئ القانون الإدارى وتطبيقها في مصر /
Statement of responsibility, etc. دكتور عبد الغني بسيوني عبد الله.
264 #1 - PRODUCTION, PUBLICATION, DISTRIBUTION, MANUFACTURE, AND COPYRIGHT NOTICE
Place of production, publication, distribution, manufacture الإسكندرية :
Name of producer, publisher, distributor, manufacturer منشأة المعارف،
Date of production, publication, distribution, manufacture, or copyright notice 2005.
300 ## - PHYSICAL DESCRIPTION
Extent 694 ؛صفحة
Dimensions 24 سم.
336 ## - CONTENT TYPE
Source rda content
Content type term text
337 ## - MEDIA TYPE
Source rda media
Media type term Computer
338 ## - CARRIER TYPE
Source rda carrier
Carrier type term Online Resource
504 ## - BIBLIOGRAPHY, ETC. NOTE
Bibliography, etc. note يشتمل على إرجاعات ببليوغرافة.
505 ## - FORMATTED CONTENTS NOTE
Formatted contents note التعريف بالقانون الإدارى - المركزية الإدارية اللامركزية الإدارية - التركيز وعدم التركيز الإدارى أعمال السلطة الإدارية - الضبط الإداري - المرافق العامة - القرارات الإدارية - العقود الإدارية - أموال السلطة الإدارية - امتيازات السلطة الإدارية.
546 ## - LANGUAGE NOTE
Language note النص أغلبه باللغة العربية مع بعض النصوص الفرنسية
650 14 - SUBJECT ADDED ENTRY--TOPICAL TERM
Topical term or geographic name entry element القانون الإداري
856 40 - ELECTRONIC LOCATION AND ACCESS
Uniform Resource Identifier <a href="https://fll.law.cu.edu.eg/fulltext/bks/B07-00498.pdf">https://fll.law.cu.edu.eg/fulltext/bks/B07-00498.pdf</a>
905 ## - Cataloger and Reviser Names
Cataloger Name: Sara El-Gendy
942 ## - ADDED ENTRY ELEMENTS (KOHA)
Source of classification or shelving scheme Dewey Decimal Classification
Koha item type Books
Edition 21
Suppress in OPAC No
Holdings
Withdrawn status Lost status Source of classification or shelving scheme Damaged status Not for loan Collection Home library Current library Date acquired Total checkouts Full call number Barcode Date last seen Copy number Price effective from Koha item type
    Dewey Decimal Classification يحتاج إلى ترميم Not for loan القانون الإداري جــــامعة القــاهرة مكتبة كلية الحقوق - المبنى الرئيسي 10.11.2025   Law1 07 345 ع ب . ق 2005 0700498 C1 B07-00498 10.11.2025 1 10.11.2025 Books
    Dewey Decimal Classification     القانون الإداري جــــامعة القــاهرة مكتبة كلية الحقوق - المبنى الرئيسي 10.11.2025   Law1 07 345 ع ب . ق 2005 0700497 C2 B07-00497 10.11.2025 2 10.11.2025 Books
    Dewey Decimal Classification       جــــامعة القــاهرة مكتبة كلية الحقوق - فـرع الشيخ زايد 10.11.2025   Law2 07 345 ع ب . ق 2005 0700500 C3 B07-00500 10.11.2025 3 10.11.2025 Books

© All rights reserved — Faculty of Law, Cairo University